| 000 | 00561nam a2200169Ii 4500 | ||
|---|---|---|---|
| 040 | _cCOO | ||
| 082 | _a633 INT 1979 A109 Or. | ||
| 245 | 0 | 0 | _aProceedings of the Workshop on Chemical Aspects of Rice Grain Quality |
| 260 |
_aLos Ba©łos, Philippines : _bInternational Rice Research Institute, _c1979 |
||
| 300 |
_a390 p. : _bill. ; _c23 cm |
||
| 500 | _aTitle on spine: Chemical aspects of rice grain quality | ||
| 500 | _aWorkshop held 23-25 Oct. 1978 | ||
| 650 | 0 | _aRice | |
| 650 | 0 | _aFood | |
| 710 | 2 | 0 | _aInternational Rice Research Institute |
| 942 | _cEK | ||
| 999 |
_c16950 _d16950 |
||